| 000 | 00746nam a22002417a 4500 | ||
|---|---|---|---|
| 003 | UA-OsUOA | ||
| 001 | 40495 | ||
| 007 | ta | ||
| 008 | 20060808b un ||||| |||| 00| 0 ukr d | ||
| 100 | _aПасмор Н. П. | ||
| 090 |
_a027.08:378.147 _bП19 |
||
| 942 | _cBK | ||
| 040 |
_aUA-OsUOA _bukr _cUA-OsUOA _dUA-OsUOA |
||
| 245 |
_aБібліотечно-інформаційне забезпечення самостійної роботи студентів _bМонографія |
||
| 300 | _a113 с. | ||
| 955 | _a2 | ||
| 041 | _aukr | ||
| 080 | _a027.08:378.147 | ||
| 020 | _a966-351-040-4 | ||
| 260 |
_aК. _bКондор _c2006 |
||
| 650 | 7 |
_a00 Загальні питання науки і культури _2UDC |
|
| 999 |
_c326645 _d326645 |
||